|
|
|
|
| LEADER |
00000nam0a2200000 4500 |
| 001 |
23201 |
| 005 |
20231030195140.0 |
| 010 |
|
|
|a 3932098099
|
| 035 |
|
|
|a (RuTPU)RU\TPU\book\23419
|
| 035 |
|
|
|a BOOK00023491
|
| 090 |
|
|
|a 23201
|
| 100 |
|
|
|a 20011209d1999 m y0gery50 ba
|
| 101 |
0 |
|
|a ger
|
| 102 |
|
|
|a DE
|
| 105 |
|
|
|a y z 000zy
|
| 200 |
1 |
|
|a Brain-Gym furs Buro
|f G. E. Dennison, P. E. Dennison, J. V. Teplitz
|
| 210 |
|
|
|a Freiburg im Breisgau
|c Verlag fur Angewandte Kinesiologie
|d 1999
|
| 215 |
|
|
|a 84 p.
|
| 610 |
1 |
|
|a труд
|
| 610 |
1 |
|
|a гигиена
|
| 610 |
1 |
|
|a гимнастика
|
| 610 |
1 |
|
|a немецкий язык
|
| 675 |
|
|
|a 613.6
|v 3
|
| 700 |
|
1 |
|a Dennison
|b G. E.
|g Gail E.
|
| 701 |
|
1 |
|a Dennison
|b P. E.
|g Paul E.
|
| 701 |
|
1 |
|a Teplitz
|b J. V.
|g Jerry V.
|
| 801 |
|
0 |
|a DE
|b 63413507
|c 20011209
|g PSBO
|
| 801 |
|
2 |
|a RU
|b 63413507
|c 20100913
|g PSBO
|
| 942 |
|
|
|c BK
|